000 00413nam a22001577a 4500
003 OSt
005 20220401042208.0
008 180221b ||||| |||| 00| 0 eng d
040 _aMMU
_beng
_cMMU
_dMMU
050 _aBL41.R455 2015
245 _aReligious Studies/
_cCorinne Walsh.
260 _aOntario:
_bWestern University,
_c2015.
300 _a272 p. :
650 _areligious studies
942 _2lcc
_cLOAN LOAN
999 _c30615
_d30614